00424nam a2200181Ia 4500008004100000020001500041041000800056082001800064100001900082245001400101250000600115260004900121300000800170365001400178650001300192650001900205700001800224140306s9999 xx 000 0 und d a0023344105 aeng a658.8bEVA/MA aBewrman, Barry aMarketing a3 aNew YorkbMacmillan Publishing Companyc1986 a737 bUSD.18.50 aConsumer aPrice planning aEvans, Joel R